000 00873cam a2200265 i 4500
003 URS
005 20250819135519.0
008 031110s2004 pau bf 001 0 eng
020 _a0781743559
040 _erda
_cURS
_bEnglish
050 0 0 _aRT48.6
_b.C224 2023
100 _aCarpenito, Lynda Juall,
_eauthor.
_91073
245 1 0 _aHandbook of nursing diagnosis /
_cLynda Juall Carpenito.
246 3 0 _aNursing diagnosis
250 _aSixteenth edition.
264 _aPhiladelphia :
_bLippincott Williams and Wilkins,
_c©2023.
300 _axx, 1157 pages ;
_c23 cm.
336 _atext
_btxt
_2rdacontent
337 _aunmediated
_bn
_2rdamedia
338 _avolume
_bnc
_2rdacarrier
504 _aIncludes bibliographical references and index.
650 0 _aNursing diagnosis -- Handbooks, manuals, etc.
650 1 2 _aNursing Diagnosis -- handbooks.
942 _2lcc
_cR
999 _c84170
_d84168